| 000 | 01524nam a22003737a 4500 | ||
|---|---|---|---|
| 003 | CHAP | ||
| 005 | 20220329143526.0 | ||
| 008 | 100407s2009 mx a r 00010 spa d | ||
| 010 | _a98015 | ||
| 011 | _a98987 | ||
| 035 | _a109672 | ||
| 040 | _cCHAP | ||
| 090 | _aTesis | ||
| 100 | 1 |
_aHernández Rodríguez, Jazmín. _954546 |
|
| 245 | 1 | 0 |
_aCaracterización de plantaciones de árboles de navidad Pinus ayacahuite var. veitchii Shaw establecidas en San Miguel y Santo Tomás Ajusco, D.F. _c/por Jazmín Hernández Rodríguez y María Cristina Nicolás Rodríguez |
| 260 |
_aChapingo, Méx. : _bEl autor, _c2009 |
||
| 300 |
_a142 h. : _bilus., cuadros, gráfs. |
||
| 502 | _aTesis (Ing. Forestal) -- UACH. División de Ciencias Forestales | ||
| 590 |
_aALEPH _b10 _c20130110 _lUCH01 _h1533 |
||
| 590 |
_aBATCH-UPD _b10 _c20130110 _lUCH01 _h1155 |
||
| 590 |
_aBATCH-UPD _b10 _c20130410 _lUCH01 _h0738 |
||
| 590 |
_aBATCH-UPD _b10 _c20130914 _lUCH01 _h1611 |
||
| 590 |
_aBATCH-UPD _b10 _c20170620 _lUCH01 _h0913 |
||
| 590 |
_aCONVERSION _b10 _c20130109 _lUCH01 _h1354 |
||
| 650 | 1 | 4 |
_aÁrboles de navidad. _982443 |
| 650 | 1 | 4 |
_aÁrboles ornamentales _xEnfermedades. _96694 |
| 650 | 1 | 4 |
_aÁrboles ornamentales _xPlagas. _96695 |
| 650 | 1 | 4 |
_aPlantación de árboles. _988782 |
| 700 | 1 |
_aNicolás Rodríguez, María Cristina. _981205 |
|
| 901 | _aBK | ||
| 942 | _cFOLL | ||
| 949 |
_aTesis _bBC _cTES _d33724002094629 _eTS1 _gDonaciØn _h50259 _i109672 _sb |
||
| 949 |
_aTesis _bBC _cTES _d33724002094660 _eTS2 _fc.2 _gDonaciØn _h50260 _i109672 _sb |
||
| 999 |
_c98015 _d98015 |
||